Primer encuentro de la Mujer Centroamericana
Збережено в:
| Формат: | Текст |
|---|---|
| Теги: |
Додати тег
Немає тегів, Будьте першим, хто поставить тег для цього запису!
|
MARC
| LEADER | 00000 a a2200000 04500 | ||
|---|---|---|---|
| 001 | 369 | ||
| 003 | |||
| 040 | |||
| 245 | |a Primer encuentro de la Mujer Centroamericana | ||
| 773 | |g número 121; página 15 | ||
| 999 | |c 31428 |d 31428 | ||
| 773 | 0 | |0 42391 |9 3635 |a Agencia Latinoamericana de Información, ALAI |d Quito, Ecuador: ALAI |o 06963 |t ALAI: |x 08275564 (Servicio mensual de información y documentación) | |
